Ročné zúčtovanie preddavkov na daň z príjmov zo závislej činnosti za rok 1997 podmienky a spôsob výpočtu celoročnej dane zamestnancov

Problematika ročného zúčtovania preddavkov na daň z príjmov zo závislej činnosti a funkčných požitkov. Vykonávanie ročného zúčtovania preddavkov na daň. Názorné príklady na vykonanie ročného zúčtovania za rok 1997.

Salvato in:
Dettagli Bibliografici
Autore principale: Piršelová, Dagmar
Natura: Capitolo di libro
Lingua:slovacco
Soggetti:
Tags: Aggiungi Tag
Nessun Tag, puoi essere il primo ad aggiungerne!!

MARC

LEADER 00000naa a2200000 4500
001 r030113
005 20230912112458.9
041 0 |a slo 
044 |a SK 
245 1 0 |a Ročné zúčtovanie preddavkov na daň z príjmov zo závislej činnosti za rok 1997  |b podmienky a spôsob výpočtu celoročnej dane zamestnancov  |c Dagmar Piršelová 
520 |a Problematika ročného zúčtovania preddavkov na daň z príjmov zo závislej činnosti a funkčných požitkov. Vykonávanie ročného zúčtovania preddavkov na daň. Názorné príklady na vykonanie ročného zúčtovania za rok 1997. 
610 2 0 |a preddavky 
610 2 0 |a zúčtovanie 
610 2 0 |a zdaňovanie 
610 2 0 |a priznania daňové 
610 2 0 |a zamestnanci 
610 2 0 |a požitky 
610 2 0 |a dane z príjmov 
610 2 0 |a zákony 
610 2 0 |a Slovensko 
610 2 0 |a 1997 
100 1 |a Piršelová, Dagmar